000 00453nam a2200169Ia 4500
003 GCL
008 140319s9999 xx 000 0 aFre d
040 _aGCL /
_cGCL
082 0 4 _aCC
_b709.12
_bW E
100 1 _aWOLDERING, IRMGARD
245 1 0 _aEGYPTE, L'ART DES PHARAONS /
_cWOLDERING, IRMGARD
260 _a[S.N] :
_bALBIN MICHEL, S.A ،
_c1967
300 _a247 P
650 0 4 _aART, EGYPTIAN
650 0 4 _aEGYPT - CIVILIZATION
942 _2ddc
_cBK
999 _c20301
_d20301